| 000 | 00655nam a22001817a 4500 | ||
|---|---|---|---|
| 999 |
_c59129 _d59129 |
||
| 003 | Ge_BSU | ||
| 005 | 20221129113909.0 | ||
| 008 | 221129s1984ge xxu||||| |||| 00| 0 geo d | ||
| 041 | _ageo | ||
| 080 | _a821.353.1-31 პ-18 | ||
| 100 |
_aპაპუაშვილი, გიორგი, ავტ. _916192 |
||
| 245 |
_aშორეული ციალი : _bრომანი / _cგიორგი პაპუაშვილი. |
||
| 264 |
_aთბილისი : _b მერანი, _c1984. |
||
| 300 |
_a399 გვ. ; _b20 სმ. |
||
| 653 | _aშორეული ციალი | ||
| 653 | _aრომანი | ||
| 942 |
_2udc _cBK |
||